00585nam a2200181 a 450000100100000000500170001000800410002704000250006808200200009310000310011324500780014425000110022226000280023330000270026149000200028850000730030883000220038100002193620200930011518.0100914s1980 mx a r 000 0 spa d aDO-SdBNPbspacBNPHU aNNNbI11f, 19801 aIanni, Octavio,d1926-200410aLa formación del estado populista en América Latina /cOctavio Ianni. a2a ed. aMéxico :bEra,c1980. a177, [13] p. ;c18 cm.1 aPopular erav30 aIncluye notas y referencias bibliográficas al pie de las páginas 0aPopular era ;v30